Countries without UNESCO World Heritage Sites - Statistics

General Stats
  • This quiz has been taken 38 times
  • The average score is 19 of 27
Answers on the Map
Answers color-coded by a green-red scale on the quiz's map according to % correct below.
 
Answer Stats
País % Correct
Tuvalu
89%
Kuwait
82%
Trinidad and Tobago
82%
Bahamas
79%
Comoros
79%
Liechtenstein
79%
Nauru
79%
São Tomé and Príncipe
79%
Tonga
79%
Burundi
75%
Djibouti
75%
Guyana
75%
Monaco
75%
Equatorial Guinea
71%
Eswatini
71%
Samoa
71%
Grenada
68%
Liberia
68%
Maldives
68%
Brunei
64%
Sierra Leone
61%
South Sudan
61%
Timor-Leste
61%
Bhutan
57%
Guinea-Bissau
57%
Somalia
54%
Saint Vincent and the Grenadines
25%
No matching quizzes found
Score Distribution
Percent of People with Each Score
Percentile by Number Answered
Your Score History
You have not taken this quiz